[Event "Southend op"]
[Site "London"]
[Date "1995.??.??"]
[Round "?"]
[White "Sadler, Matthew"]
[Black "Ledger, Andrew"]
[Result "1/2-1/2"]
[WhiteElo "2575"]
[BlackElo "2410"]

1.d4 Nf6 2.c4 g6 3.Nc3 d5 4.cxd5 Nxd5 5.e4 Nxc3 6.bxc3 Bg7 7.Nf3 O-O 8.Rb1 c5
9.Be2 b6 10.O-O Bb7 11.Qd3 Nd7 12.Bg5 cxd4 13.cxd4 Nf6 14.d5 Qd7 15.Rb4 Rac8
16.Qa3 Ba8 17.Bb5 Qc7 18.Rc1 Qb8 19.Rxc8 Rxc8 20.Ra4 Bf8 21.Ba6 Rc5 22.Be3 Rc7
23.Qb3 Qe8 24.h3 Rc3 25.Qxc3 Qxa4 26.Qc8 Qe8 27.Qc2 e6 28.Bd4 Nh5 29.g4 Ng7
30.Bc4 exd5 31.Bxd5 Ne6 32.Ba1 Bg7 33.Bxg7 Kxg7 34.Qc3+ Kg8 35.Qe5 Bc6 36.h4 Nc5
37.Qxe8+ Bxe8 38.g5 Kg7 39.Nd4 h6 40.f4 hxg5 41.fxg5 Kf8 42.Kg2 Ke7 43.Kf3 a5
44.Nc6+ Kd6 45.Nd8 Ke7 46.Nc6+ Kd6 47.Nd8 Ke7  1/2-1/2

[Event "POL-chT"]
[Site "Lubniewice"]
[Date "1995.??.??"]
[Round "10"]
[White "Szymczak, Zbigniew"]
[Black "Witkowski, Stefan"]
[Result "1/2-1/2"]
[WhiteElo "2345"]
[BlackElo "2270"]

1.d4 Nf6 2.c4 g6 3.Nc3 d5 4.cxd5 Nxd5 5.e4 Nxc3 6.bxc3 Bg7 7.Bc4 c5 8.Ne2 cxd4
9.cxd4 Nc6 10.Be3 O-O 11.O-O Na5 12.Bd3 Nc6 13.Bc4  1/2-1/2

[Event "CRO-chT"]
[Site "Makarska Tucepi"]
[Date "1995.??.??"]
[Round "?"]
[White "Markotic, Gordan"]
[Black "Balenovic, Zvonimir"]
[Result "1/2-1/2"]
[WhiteElo "2330"]
[BlackElo "2300"]

1.d4 Nf6 2.c4 g6 3.Nc3 d5 4.cxd5 Nxd5 5.e4 Nxc3 6.bxc3 Bg7 7.Nf3 c5 8.Rb1 cxd4
9.cxd4 O-O 10.Be2 Qa5+ 11.Bd2 Qxa2 12.O-O Qe6 13.Qc2 Qc6 14.Qd3 Bg4 15.h3 Bxf3
16.Bxf3 Qd7 17.d5 Nc6 18.Qb5 Rfd8 19.Qxb7 Nd4 20.Bd1 h6 21.Ba5 Qxb7 22.Rxb7 Rdc8
23.Rxe7 Rc1 24.Rb7 Ra1 25.Bc7 a5 26.d6 a4 27.d7 Ne6 28.Bg4 Rxf1+ 29.Kxf1 Nd8
30.Bxd8 a3 31.Bb6 a2 32.d8=Q+ Rxd8 33.Ra7 Rd2 34.Be3 Rb2 35.Bd1 Rb1 36.Ra8+ Kh7
37.Rxa2 Rxd1+ 38.Ke2 Rb1 39.Ra7 Kg8 40.Rd7 Rb2+ 41.Kf3 Ra2 42.g4 Ra1 43.Kg2 Ra4
44.Kf3 Ra3 45.Rd5 Rb3 46.h4 Bf6 47.Kg3 Bb2 48.Kg2 Bg7 49.h5 g5 50.Bd4 Bxd4
51.Rxd4 Rb7 52.Rd3 Kg7 53.f4 gxf4 54.Kf3 Rb1 55.Kxf4 Rf1+ 56.Rf3 Rg1 57.Rg3 Rf1+
58.Ke5 Re1 59.g5 Rh1 60.gxh6+ Kxh6 61.Rg8 Kh7 62.Rg5 Kh6 63.Kf6 Ra1 64.Re5 Ra7
65.Re7 Ra6+ 66.Kxf7 Kxh5 67.e5 Kg5 68.e6 Kf5 69.Re8 Rb6 70.e7 Rf6+ 71.Kg7 Rg6+
72.Kh7 Kf6 73.Ra8  1/2-1/2

[Event "Fide Mercenarios 6th"]
[Site "MEX"]
[Date "1995.??.??"]
[Round "8"]
[White "Castillo Castelan, Miguel"]
[Black "Vargas, E."]
[Result "0-1"]
[WhiteElo "2170"]
[BlackElo "2165"]

1.d4 Nf6 2.c4 g6 3.Nc3 d5 4.cxd5 Nxd5 5.e4 Nxc3 6.bxc3 Bg7 7.Be3 c5 8.Bc4 Nc6
9.Ne2 O-O 10.O-O Qc7 11.Rc1 Rd8 12.Bf4 Qd7 13.dxc5 Qg4 14.Qb3 e6 15.f3 Qh5
16.Qa3 Ne5 17.Bb5 a6 18.Rcd1 Bd7 19.Bxd7 Nxd7 20.Bc7 Be5 21.Ng3 Qh4 22.Rxd7 Rxd7
23.Bxe5 Rd2 24.Qb3 Qg5 25.f4 Qg4 26.Qxb7 Rad8 27.Bd4 h5 28.Qe7 R8xd4 29.cxd4 h4
30.Qd8+ Kh7 31.Qa5 Rxd4 32.Qc3 Ra4 33.Qc2 Ra3 34.Qe2 Rxg3 35.Qxg4 Rxg4 36.c6  0-1

[Event "Fide Mercenarios 4th"]
[Site "MEX"]
[Date "1995.??.??"]
[Round "10"]
[White "Garcia, J."]
[Black "Ruiz, Guillermo"]
[Result "0-1"]
[WhiteElo "2225"]
[BlackElo "2235"]

1.d4 Nf6 2.c4 g6 3.Nc3 d5 4.cxd5 Nxd5 5.e4 Nxc3 6.bxc3 Bg7 7.Bc4 c5 8.Ne2 Nc6
9.Be3 O-O 10.O-O Bg4 11.f3 Na5 12.Bd3 cxd4 13.cxd4 Be6 14.d5 Bxa1 15.Qxa1 f6
16.Rd1 Bd7 17.Bh6 Re8 18.e5 Rc8 19.Nf4 Nc4 20.e6 Ba4 21.Re1 Qb6+ 22.Kh1 Qb2
23.h4 Qxa1 24.Rxa1 Ne5 25.Be4 Red8 26.d6 Rxd6 27.Bxb7 Rb8 28.Bd5 Bc6 29.Bb3 a5
30.Rc1 a4 31.Bd1 Bb5 32.Rb1 Rbd8 33.Bc2 Bc6 34.a3 Rd4 35.Kg1 g5 36.hxg5 Rxf4
37.g6 Rh4 38.gxh7+ Kh8 39.Be3 Rc4 40.Bf5 Kg7 41.Rb6 Ng6 42.Ra6 Kxh7 43.Ra7 Re8
44.Rc7 Kg7  0-1

[Event "Minsk"]
[Site "Minsk"]
[Date "1995.??.??"]
[Round "10"]
[White "Tunik, Gennady"]
[Black "Zitin, Yuri"]
[Result "1-0"]
[WhiteElo "2530"]
[BlackElo "2315"]

1.d4 Nf6 2.c4 g6 3.Nc3 d5 4.cxd5 Nxd5 5.e4 Nxc3 6.bxc3 Bg7 7.Qa4+ c6 8.Nf3 O-O
9.Be2 b5 10.Qa3 a5 11.Bg5 Re8 12.Rd1 Qd6 13.Qc1 Qe6 14.Qc2 Nd7 15.O-O Nb6
16.Rfe1 h6 17.Bc1 b4 18.c4 Ba6 19.c5 Bxe2 20.Rxe2 Nd7 21.d5 cxd5 22.c6 Nb6
23.Be3 d4 24.Bxd4 Bxd4 25.Nxd4 Qc4 26.Qxc4 Nxc4 27.Rc2 Na3 28.Rc5 Rec8 29.Kf1 a4
30.Ke2 Kg7 31.f4 Ra6 32.Kd3 b3 33.Rd2 Rd8 34.Rd5 Rc8 35.Rc5 Rd8 36.c7 Rc8
37.Rb2 Ra7 38.axb3 Rcxc7 39.Rxc7 Rxc7 40.bxa4 g5 41.Nb5 Rd7+ 42.Kc3 Nxb5+
43.axb5 Kf6 44.b6 Rb7 45.fxg5+ hxg5 46.Kd4 Ke6 47.Kc5 Kd7 48.Rd2+ Kc8 49.Kc6  1-0

[Event "Mitropa Cup"]
[Site "?"]
[Date "1995.??.??"]
[Round "4"]
[White "Pelletier, Yannick"]
[Black "Banas, Jan"]
[Result "1-0"]
[WhiteElo "2420"]
[BlackElo "2410"]

1.d4 Nf6 2.c4 g6 3.Nc3 d5 4.cxd5 Nxd5 5.e4 Nxc3 6.bxc3 Bg7 7.Nf3 c5 8.Rb1 O-O
9.Be2 b6 10.O-O Bb7 11.Qd3 Ba6 12.Qe3 e6 13.Bxa6 Nxa6 14.Qe2 Qc8 15.a4 Nb8
16.Ba3 Nd7 17.e5 Qc6 18.Qb5 Rfc8 19.Rfd1 Rc7 20.Qxc6 Rxc6 21.d5 exd5 22.Rxd5 Nf8
23.c4 Ne6 24.Bb2 Rd8 25.Rbd1 Rcc8 26.h4 h6 27.Kf1 Kf8 28.g3 Ke8 29.Ke2 Nc7
30.Rd6 Bf8 31.Rxd8+ Rxd8 32.Rxd8+ Kxd8 33.h5 gxh5 34.Nh4 Kd7 35.Kd3 a6 36.f4 Kc6
37.f5 b5 38.Ng2 bxc4+ 39.Kxc4 Nd5 40.a5 Be7 41.f6 Bf8 42.Ba3 Nb4 43.Nf4 Kd7
44.Bb2 Nc6 45.Bc3 Nd4 46.Kd5 Nb5 47.Bb2 Nc7+ 48.Kc4 Ne6 49.Nxh5 Kc6 50.Bc1 Nd4
51.Ng7 Kd7 52.Bxh6 Nc6 53.Kd5 Nxa5 54.Bd2 Nb3 55.Bc3 a5 56.e6+ fxe6+ 57.Nxe6 Ke8
58.g4 Kf7 59.g5 a4 60.Nxf8 Kxf8 61.g6 a3 62.f7  1-0

[Event "Mlada Boleslav op"]
[Site "?"]
[Date "1995.??.??"]
[Round "?"]
[White "Hellsten, Johan"]
[Black "Turov, Maxim"]
[Result "1/2-1/2"]
[WhiteElo "2430"]
[BlackElo "2375"]

1.d4 Nf6 2.c4 g6 3.Nc3 d5 4.cxd5 Nxd5 5.e4 Nxc3 6.bxc3 Bg7 7.Bb5+ c6 8.Ba4 O-O
9.Ne2 b5 10.Bb3 Bb7 11.Be3 Nd7 12.Qd2 c5 13.f3 Rc8 14.O-O Nb6 15.Rab1 a5
16.dxc5 Qxd2 17.Bxd2 Nd7 18.Bg5 e6 19.Bc2 Nxc5 20.Kf2 Ba6 21.Rfd1 Na4 22.Bd3 Rb8
23.Bf4 e5 24.Be3 Rfc8 25.Rb3 Rd8 26.Ke1 Bf8 27.Rbb1 Rxd3 28.Rxd3 b4 29.c4 Bxc4
30.Ra3 Bb5 31.Rab3 Bc4 32.Ra3 Bb5 33.Rab3 Bc4  1/2-1/2

[Event "Mlada Boleslav op"]
[Site "?"]
[Date "1995.??.??"]
[Round "?"]
[White "Hellsten, Johan"]
[Black "Smejkal, Jan"]
[Result "1-0"]
[WhiteElo "2430"]
[BlackElo "2520"]

1.d4 Nf6 2.c4 g6 3.Nc3 d5 4.cxd5 Nxd5 5.e4 Nxc3 6.bxc3 Bg7 7.Bb5+ c6 8.Ba4 e5
9.Ne2 O-O 10.O-O Re8 11.Qc2 Qe7 12.f3 Be6 13.Bb3 Nd7 14.a4 Rab8 15.a5 Bxb3
16.Qxb3 exd4 17.cxd4 c5 18.Be3 cxd4 19.Bxd4 Nc5 20.Qe3 Bxd4 21.Nxd4 Rbd8
22.Rac1 Na6 23.Nb5 Qb4 24.Nc7 Nxc7 25.Rxc7 Rd2 26.Kh1 Qxa5 27.Rxb7 Qa6 28.Rfb1 Ra2
29.h4 Qf6 30.Qe1 Rd8 31.Qg3 h5 32.e5 Qe6 33.f4 Qg4 34.Qxg4 hxg4 35.R7b3 Rad2
36.Kh2 R8d3 37.Rxd3 Rxd3 38.Ra1 Rd7 39.Kg3 Kg7 40.Kxg4 Rb7 41.Kg5  1-0

[Event "Moscow op"]
[Site "Moscow"]
[Date "1995.??.??"]
[Round "2"]
[White "Gavrilov, Alexei"]
[Black "Daniliuk, Sergey"]
[Result "1/2-1/2"]
[WhiteElo "2390"]
[BlackElo "2445"]

1.d4 Nf6 2.c4 g6 3.Nc3 d5 4.cxd5 Nxd5 5.e4 Nxc3 6.bxc3 Bg7 7.Qa4+ Qd7 8.Qxd7+ Bxd7
9.Ba3 b6 10.Rc1 O-O 11.Bd3 c5 12.Nf3 e6 13.Ke2 Rd8 14.dxc5 Nc6 15.Nd4 Bf8
16.Ba6 Na5 17.Nb3 Bc8 18.Bd3 Nxb3 19.axb3 bxc5 20.Bc4 a5 21.Rhd1 Bb7 22.Rxd8 Rxd8
23.f3 Bc6 24.Rd1 Rxd1 25.Kxd1 Bd6 26.h3 Kf8 27.Kc2 Ke8 28.Bc1 Kd7 29.Kd3 a4
30.bxa4 Bxa4 31.f4 Kc6 32.g4 Bb5 33.f5 Be5 34.Be3 Kb6 35.Bg5 Kc6 36.Be7 Kb6
37.Bg5 Kc6 38.Bd8 Kd7 39.Bb6 Kc6 40.Bd8 Kd7 41.Bb6  1/2-1/2

[Event "Moscow-ch op"]
[Site "Moscow"]
[Date "1995.??.??"]
[Round "4"]
[White "Verner, A."]
[Black "Ivashko, Sergey"]
[Result "1-0"]
[WhiteElo "2360"]
[BlackElo "2215"]

1.c4 Nf6 2.d4 g6 3.Nc3 d5 4.cxd5 Nxd5 5.e4 Nxc3 6.bxc3 Bg7 7.Nf3 c5 8.Rb1 O-O
9.Be2 cxd4 10.cxd4 Qa5+ 11.Bd2 Qxa2 12.O-O Bg4 13.Rxb7 a5 14.Bg5 e6 15.h3 Bxf3
16.Bxf3 Nc6 17.e5 Rac8 18.Bxc6 Rxc6 19.Qf3 Qd5 20.Qxd5 exd5 21.Ra7 Rc4 22.Be3 f5
23.g3 g5 24.Rc1 Rfc8 25.Rxc4 dxc4 26.Bxg5 c3 27.Rxa5 h6 28.Be3 Bf8 29.e6 Bd6
30.Rxf5 c2 31.Kg2 Rc4 32.Bxh6 Kh7 33.Bc1 Rxd4  1-0

[Event "Moscow PCA-Intel qual"]
[Site "Moscow"]
[Date "1995.??.??"]
[Round "6"]
[White "Epishin, Vladimir"]
[Black "Leko, Peter"]
[Result "1-0"]
[WhiteElo "2635"]
[BlackElo "2555"]

1.d4 Nf6 2.c4 g6 3.Nc3 d5 4.cxd5 Nxd5 5.e4 Nxc3 6.bxc3 Bg7 7.Be3 c5 8.Qd2 Qa5
9.Rb1 b6 10.Bb5+ Bd7 11.Be2 Nc6 12.Nf3 O-O 13.Rc1 Bg4 14.d5 Rad8 15.O-O Bxf3
16.Bxf3 e6 17.Be2 exd5 18.exd5 Ne7 19.Bf3 Nf5 20.Bg5 Rd7 21.Bg4 c4 22.Rfd1 Re8
23.Bxf5 gxf5 24.g3 Qc5 25.Be3 Qe7 26.Re1 Qd8 27.Bg5 Rxe1+ 28.Rxe1 f6 29.Bf4 Rxd5
30.Qe2 Qc8 31.Qh5 Qc6 32.Re7  1-0

[Event "Moscow6"]
[Site "Moscow"]
[Date "1995.??.??"]
[Round "7"]
[White "Neverov, Valeriy"]
[Black "Khachian, Melikset"]
[Result "1/2-1/2"]
[WhiteElo "2485"]
[BlackElo "2420"]

1.d4 Nf6 2.c4 g6 3.Nc3 d5 4.cxd5 Nxd5 5.e4 Nxc3 6.bxc3 Bg7 7.Bb5+ Nc6 8.Nf3 O-O
9.O-O Bd7 10.Rb1 Re8 11.Bxc6 bxc6 12.Ba3 Bg4 13.h3 Bxf3 14.Qxf3 e5 15.dxe5 Rxe5
16.Rb7 Rb5 17.Rb1 Rxb7 18.Rxb7 Rb8 19.Rxb8 Qxb8 20.Qd3 Bf8 21.Bxf8 Kxf8 22.a4 a5
23.Qc4 Qb6 24.g3 h5 25.Kg2 c5 26.Qd5 Kg7 27.e5 Qb1 28.e6 fxe6 29.Qxe6 Qb7+
30.Kh2 Qb6 31.Qe7+ Kg8 32.Qe8+ Kg7 33.Qe7+ Kg8 34.c4 Qc6 35.h4 Kh8 36.Qf8+ Kh7
37.Qf7+ Kh6 38.Qg8 Qf6 39.Kg2 Qc6+ 40.Kg1 Qf6 41.Qe8 Qd4 42.Qf8+ Kh7 43.Qf7+ Kh6
44.Qe6 Qd1+ 45.Kg2 Qxa4 46.Qe3+ Kg7 47.Qe7+ Kg8 48.Qd8+ Kg7 49.Qxc7+ Kh6
50.Qf4+ Kg7 51.Qc7+ Kh6 52.Qxc5 Qe8 53.Qd5 a4 54.c5 a3 55.c6 a2 56.Qd2+ Kg7
57.Qxa2 Qxc6+ 58.Kh2 Qf3 59.Qd2 Qb7 60.Qe3 Qd5 61.Qe7+ Kg8 62.Qf6 Kh7 63.Kg1 Qb7
64.Qc3 Qe4 65.Kf1 Qh1+ 66.Ke2 Qe4+ 67.Qe3 Qc6 68.Qe5 Qc2+ 69.Kf3 Qd1+ 70.Kg2 Qd7
71.Qe2 Qc6+ 72.f3 Qd7 73.Qb2 Qd5 74.Qe2 Qd7 75.g4 hxg4 76.fxg4 Qd5+ 77.Qf3 Qd2+
78.Kh3 Qd7 79.Qe4 Qf7 80.g5 Qf1+ 81.Kg3 Qg1+ 82.Kf4 Qh2+ 83.Ke3 Qg3+ 84.Kd4 Qd6+
85.Kc4 Qa6+ 86.Kc5 Qa5+ 87.Kd6 Qd8+ 88.Ke6 Qe8+  1/2-1/2

[Event "Moscow-ch op"]
[Site "Moscow"]
[Date "1995.??.??"]
[Round "7"]
[White "Yuferov, Sergey  N"]
[Black "Baikov, Vladimir A"]
[Result "1/2-1/2"]
[WhiteElo "2465"]
[BlackElo "2370"]

1.d4 Nf6 2.c4 g6 3.Nc3 d5 4.cxd5 Nxd5 5.e4 Nxc3 6.bxc3 Bg7 7.Bc4 c5 8.Ne2 Nc6
9.Be3 cxd4 10.cxd4 b5 11.Bxb5 Qa5+ 12.Nc3 Qxc3+  1/2-1/2

[Event "Moscow-ch op"]
[Site "Moscow"]
[Date "1995.??.??"]
[Round "9"]
[White "Kunin, Vitaly L"]
[Black "Ivashko, Sergey"]
[Result "0-1"]
[WhiteElo "2040"]
[BlackElo "2215"]

1.d4 Nf6 2.c4 g6 3.Nc3 d5 4.cxd5 Nxd5 5.e4 Nxc3 6.bxc3 Bg7 7.Bb5+ c6 8.Ba4 b5
9.Bb3 b4 10.Bb2 bxc3 11.Bxc3 O-O 12.Ne2 Ba6 13.O-O Nd7 14.Rc1 Qb6 15.Re1 Nf6
16.Qc2 c5 17.e5 Ng4 18.h3 Bxe2 19.dxc5 Qxc5 20.Qxe2 Nh6 21.Qf3 e6 22.Qe4 Rfc8
23.Red1 Qa3 24.Rc2 Rab8 25.Bb4 Qa6 26.Bd6 Rxc2 27.Bxb8 Rc8 28.Bd6 Nf5 29.Kh2 Qb6
30.Rd2 Rd8 31.Bc5 Qc7 32.Rxd8+ Qxd8 33.Bxa7 Qc7 34.Qa8+ Bf8 35.Bb8 Qc1 36.Qe4 Bc5
37.Qf3 Nd4 38.Qe3 Nxb3 39.Qxb3 Bxf2 40.h4 Qg1+ 41.Kh3 h5 42.Qb4  0-1

[Event "Moscow-ch op"]
[Site "Moscow"]
[Date "1995.??.??"]
[Round "10"]
[White "Korotylev, Alexey"]
[Black "Kriventsov, Stanislav G"]
[Result "1-0"]
[WhiteElo "2450"]
[BlackElo "2315"]

1.d4 Nf6 2.c4 g6 3.Nc3 d5 4.cxd5 Nxd5 5.e4 Nxc3 6.bxc3 Bg7 7.Bb5+ c6 8.Ba4 O-O
9.Ne2 e5 10.O-O Re8 11.Qc2 b5 12.Bb3 a5 13.a4 exd4 14.cxd4 Qe7 15.f3 Ba6
16.Be3 Rd8 17.Rfd1 bxa4 18.Bxa4 Qa7 19.Rac1 Bxe2 20.Qxe2 Bxd4 21.Kh1 c5 22.Bg5 f6
23.Bh6 Qe7 24.Rb1 Na6 25.Rb6 Nb4 26.Qb5 Ra7 27.Rb8 Nc6 28.Qb3+ c4 29.Qxc4+ Qf7
30.Rxd8+ Nxd8 31.Qxd4  1-0

[Event "Nadole zt (Women)"]
[Site "Nadole"]
[Date "1995.??.??"]
[Round "3"]
[White "Bobrowska, Monika"]
[Black "Krupkova, Petra"]
[Result "1/2-1/2"]
[WhiteElo "2310"]
[BlackElo "2210"]

1.d4 Nf6 2.c4 g6 3.Nc3 d5 4.cxd5 Nxd5 5.e4 Nxc3 6.bxc3 Bg7 7.Qa4+ Qd7 8.Qxd7+ Bxd7
9.Rb1 c5 10.Be3 Nc6 11.Rxb7 cxd4 12.cxd4 Bxd4 13.Bxd4 Nxd4 14.Nf3 Bc6 15.Rb2 Nxf3+
16.gxf3 O-O 17.Bc4 Rab8 18.Rxb8 Rxb8 19.O-O Kg7 20.Rc1 Rb6 21.Kg2 f5 22.Bd3 Kf6
23.Rc5 e6 24.Kg3 a6 25.Ra5 Bb5 26.e5+ Kf7 27.Bxb5 axb5 28.Ra7+ Kg8 29.Kf4 h6
30.Ke3 b4 31.Kd4 b3 32.axb3 Rxb3 33.Kc5 Rxf3 34.Kd6 Rxf2 35.Kxe6 f4 36.Ra8+  1/2-1/2

[Event "Namses op"]
[Site "Namses"]
[Date "1995.??.??"]
[Round "?"]
[White "Grotnes, Nils"]
[Black "Elsness, Frode"]
[Result "1-0"]
[WhiteElo "2325"]
[BlackElo "2250"]

1.d4 Nf6 2.c4 g6 3.Nc3 d5 4.cxd5 Nxd5 5.e4 Nxc3 6.bxc3 Bg7 7.Be3 c5 8.Qd2 Qa5
9.Rc1 cxd4 10.cxd4 Qxd2+ 11.Kxd2 O-O 12.Bc4 Nc6 13.Ne2 Rd8 14.Kc3 b6 15.Rhd1 Bb7
16.f3 a6 17.Kb2 b5 18.Bd5 Rac8 19.a3 e6 20.Ba2 Rd6 21.Kb1 Rcd8 22.Bg5 R8d7
23.Be3 a5 24.d5 exd5 25.exd5 Ne5 26.Nc3 b4 27.Ne4 b3 28.Bxb3 Ra6 29.Ba4 Rd8
30.Rc7 Bc8 31.Bb5 Ra8 32.Bg5 Rb8 33.Bxd8 Rxb5+ 34.Ka2 Ba6 35.Nf6+ Kh8 36.Re1 Rb8
37.Rxe5 Rxd8 38.Re8+ Rxe8 39.Nxe8 Be5 40.d6 Bb5 41.Rc8 Bd7 42.Rd8 Be6+ 43.Kb1  1-0

[Event "Namses op"]
[Site "Namses"]
[Date "1995.??.??"]
[Round "?"]
[White "Fyllingen, Roy Harald"]
[Black "Elsness, Frode"]
[Result "0-1"]
[WhiteElo "2390"]
[BlackElo "2250"]

1.d4 Nf6 2.c4 g6 3.Nc3 d5 4.cxd5 Nxd5 5.e4 Nxc3 6.bxc3 Bg7 7.Nf3 c5 8.Rb1 O-O
9.Be2 cxd4 10.cxd4 Qa5+ 11.Bd2 Qxa2 12.O-O Bg4 13.Be3 b6 14.Rc1 Nd7 15.Bc4 Qa3
16.Bd5 Rad8 17.h3 Bxf3 18.Qxf3 b5 19.Ra1 Qd6 20.Rxa7 e6 21.Bb3 Bxd4 22.Rd1 Ne5
23.Qf6 Ng4 24.Qxd4 Qh2+ 25.Kf1 Rxd4 26.Bxd4 Ne5 27.f3 Nc6 28.Bg1 Qe5 29.Rad7 Ra8
30.R7d6 Qb2 31.R6d3 Ra1 32.Bc5 Rxd1+ 33.Bxd1 e5 34.Rd6 Nd4 35.Rd8+ Kg7 36.Bf8+ Kf6
37.h4 Qc1 38.Rd6+ Ne6 39.g4 g5 40.Bh6 Ke7 41.Rd5 f6 42.hxg5 fxg5 43.Kf2 Kf6  0-1

[Event "JUG-ch sf"]
[Site "Nis"]
[Date "1995.??.??"]
[Round "?"]
[White "Carnic, Srdjan"]
[Black "Mitrovic, Petar"]
[Result "0-1"]
[WhiteElo "2320"]
[BlackElo "2390"]

1.d4 Nf6 2.c4 g6 3.Nc3 d5 4.cxd5 Nxd5 5.e4 Nxc3 6.bxc3 Bg7 7.Bb5+ Nd7 8.Ne2 O-O
9.O-O c5 10.Be3 Qc7 11.Rc1 Rd8 12.h3 Nf6 13.Ng3 a6 14.Bd3 Bd7 15.Qe1 Rac8
16.f4 e6 17.Qf2 Bc6 18.f5 exf5 19.exf5 Rd7 20.Bf4 Qd8 21.Be5 g5 22.Rce1 cxd4
23.cxd4 b5 24.Qd2 Rxd4 25.Bxd4 Qxd4+ 26.Qe3 Qh4 27.Qf2 Rd8 28.Bc2 Bd5 29.Bb3 Bxb3
30.axb3 Qb4 31.Kh1 Qxb3 32.Ne4 Nxe4 33.Rxe4 Qd5 34.Rfe1 Bf6 35.Qb6 Kg7 36.Qxa6 Ra8
37.Qb6 Ra2 38.Qe3 Qxf5 39.Re8 Qd5 40.Qg3  0-1

[Event "JUG-ch sf"]
[Site "Nis"]
[Date "1995.??.??"]
[Round "?"]
[White "Todorovic, Bojan"]
[Black "Mitrovic, Petar"]
[Result "0-1"]
[WhiteElo "2360"]
[BlackElo "2390"]

1.d4 Nf6 2.c4 g6 3.Nc3 d5 4.cxd5 Nxd5 5.e4 Nxc3 6.bxc3 Bg7 7.Nf3 c5 8.Rb1 O-O
9.Be2 b6 10.O-O Bb7 11.e5 cxd4 12.cxd4 Bd5 13.Qd2 Nc6 14.Rd1 Qd7 15.h3 Rad8
16.Bb5 Qf5 17.Bxc6 Bxc6 18.Rb3 Ba4 19.g4 Qd7 20.d5 Bxb3 21.axb3 Qb5 22.Ba3 Qxb3  0-1

[Event "NLD-chT9596"]
[Site "?"]
[Date "1995.??.??"]
[Round "?"]
[White "Brenninkmeijer, Joris"]
[Black "Van Gaalen, Bas"]
[Result "1-0"]
[WhiteElo "2490"]
[BlackElo "2375"]

1.d4 Nf6 2.c4 g6 3.Nc3 d5 4.cxd5 Nxd5 5.e4 Nxc3 6.bxc3 Bg7 7.Nf3 c5 8.Rb1 O-O
9.Be2 cxd4 10.cxd4 Qa5+ 11.Bd2 Qxa2 12.O-O Bd7 13.Bg5 Ba4 14.Qe1 Bc2 15.Rc1 Qa4
16.e5 e6 17.Qd2 Be4 18.Be7 Re8 19.Ng5 Bc6 20.Bd6 h6 21.Ra1 Qb3 22.Rfb1 Qd5
23.Bf3 Qc4 24.Rb4 Qxb4 25.Bxb4 hxg5 26.Be2 Bd5 27.Qxg5 Nc6 28.Bc3 Rec8 29.Qd2 Rc7
30.Bb2 Rac8 31.Bd1 b5 32.h4 a5 33.h5 a4 34.Ra3 Ne7 35.hxg6 fxg6 36.Rg3 Rc4
37.Rg4 R8c7 38.Ba3 Nf5 39.Qg5 Rc3 40.Qd8+ Kf7 41.Kh2 Rb7 42.Rf4 Rxa3 43.Rxf5+  1-0

[Event "NLD-chT9596"]
[Site "?"]
[Date "1995.??.??"]
[Round "?"]
[White "Enklaar, Bertus F"]
[Black "Van de Plassche, Bas"]
[Result "1-0"]
[WhiteElo "2400"]
[BlackElo "2310"]

1.d4 Nf6 2.c4 g6 3.Nc3 d5 4.cxd5 Nxd5 5.e4 Nxc3 6.bxc3 Bg7 7.Nf3 c5 8.Rb1 O-O
9.Be2 b6 10.O-O Bb7 11.Qd3 e6 12.Bg5 Qd6 13.Qe3 Rc8 14.Rfd1 cxd4 15.cxd4 Nc6
16.Bh6 Na5 17.Bxg7 Kxg7 18.Ne5 f5 19.exf5 exf5 20.d5 Rc5 21.Nc6 f4 22.Qd4+ Qf6
23.Nb4 Rd8 24.Bf3 Qxd4 25.Rxd4 Rc4 26.Rxc4 Nxc4 27.Re1 Rd7 28.h4 h5 29.Rd1 b5
30.Nc6 Kf6 31.Re1 Bxc6 32.dxc6 Rc7 33.Bd5 Ne5 34.Kf1 b4 35.Re4 a5 36.Rxf4+ Ke7
37.Be4 a4 38.Bc2 b3 39.axb3 Rxc6 40.Bd1 Rc1 41.Ke2 axb3 42.Bxb3 Rc3 43.Rb4 Kf6
44.g3 Nc6 45.Rf4+ Kg7 46.Be6 Ne5 47.Kf1 Rc6 48.Bb3 Rb6 49.Bd1 Rd6 50.Be2 Rb6
51.Re4 Kf6 52.f3 Rb1+ 53.Kf2 Rb2 54.Rd4 Kf5 55.Rd5 Kf6 56.Ra5 Rb3 57.f4 Nd3+
58.Kg2 Rb2 59.Kf3 Rb3 60.Bd1 Rc3 61.Kg2 Nc5 62.Ra2 Kg7 63.Bc2 Kf6 64.Rb2 Kg7
65.Bb1 Kf6 66.Rb6+ Ne6 67.Bxg6 Kxg6 68.Rxe6+ Kg7 69.Re5 Kg6 70.Kf2 Ra3  1-0

[Event "NLD-chT9596"]
[Site "?"]
[Date "1995.??.??"]
[Round "?"]
[White "Bodicker, Rob"]
[Black "Olthof, Rene AJA"]
[Result "1/2-1/2"]
[WhiteElo "2185"]
[BlackElo "2260"]

1.d4 Nf6 2.c4 g6 3.Nc3 d5 4.cxd5 Nxd5 5.e4 Nxc3 6.bxc3 Bg7 7.Nf3 c5 8.Rb1 O-O
9.Be2 Nc6 10.d5 Ne5 11.Nxe5 Bxe5 12.Qb3 Qc7 13.h3 e6 14.Bh6 Re8 15.Bb5 Bd7
16.Bxd7 Qxd7 17.O-O exd5 18.exd5 b6 19.c4 Bd4 20.a4 Re2 21.a5 Qf5 22.axb6 Rxf2
23.Be3 Rxf1+ 24.Rxf1 Qe5 25.Bxd4 Qxd4+ 26.Kh1 axb6 27.Rd1 Ra1 28.Rxa1 Qxa1+
29.Kh2 Qe5+ 30.Kh1 Qe1+ 31.Kh2 Qe5+ 32.Kh1 Qd6 33.Qa4 Kf8 34.Qa8+ Ke7 35.Qa7+ Kf6
36.Qa1+ Qe5 37.Qa7 Qe1+ 38.Kh2 Qe5+ 39.Kh1 Qb2 40.Kh2 Qe5+ 41.Kh1 Qe1+ 42.Kh2 Qe5+  1/2-1/2

[Event "Novgorod op"]
[Site "Novgorod"]
[Date "1995.??.??"]
[Round "8"]
[White "Nenashev, Alexander"]
[Black "Tseshkovsky, Vitaly"]
[Result "1-0"]
[WhiteElo "2605"]
[BlackElo "2530"]

1.d4 Nf6 2.c4 g6 3.Nc3 d5 4.cxd5 Nxd5 5.e4 Nxc3 6.bxc3 Bg7 7.Bc4 c5 8.Ne2 O-O
9.O-O Nc6 10.Be3 Bg4 11.f3 Na5 12.Bxf7+ Rxf7 13.fxg4 Rxf1+ 14.Kxf1 Qd7 15.h3 Nc4
16.Bf2 Qc6 17.Qd3 Nb2 18.Qc2 Nc4 19.Kg1 Rf8 20.g5 h6 21.Ng3 hxg5 22.Qe2 b5
23.e5 Rf4 24.Re1 g4 25.hxg4 Qd7 26.Ne4 cxd4 27.cxd4 Rxg4 28.e6 Qxe6 29.Nf6+ Qxf6
30.Qxg4 Kf7 31.Qe4 Qd6 32.d5 a5 33.Rb1 Be5 34.Rxb5  1-0

[Event "Novgorod op"]
[Site "Novgorod"]
[Date "1995.??.??"]
[Round "9"]
[White "Nenashev, Alexander"]
[Black "Dvoirys, Semen I"]
[Result "1/2-1/2"]
[WhiteElo "2605"]
[BlackElo "2550"]

1.d4 Nf6 2.c4 g6 3.Nc3 d5 4.cxd5 Nxd5 5.e4 Nxc3 6.bxc3 Bg7 7.Bc4 c5 8.Ne2 Nc6
9.Be3 O-O 10.O-O cxd4 11.cxd4 Na5 12.Bd3 e6 13.Rc1 b6 14.Qa4 Bd7 15.Qa3 Re8
16.Rfd1 Bf8 17.Qb2 Qe7 18.Nc3 Rec8 19.Nb5 Nc6 20.d5 exd5 21.exd5 Qe5 22.Nc3 Na5
23.Re1 Nc4 24.Bxc4 Rxc4 25.Bh6 Qd4 26.Bxf8 Rxf8 27.Re4 Qc5 28.Rxc4 Qxc4 29.Qd2 Rc8
30.Ne2 Qe4 31.Rxc8+ Bxc8 32.h3 Bd7 33.f3 Qc4 34.Kf2 Qc5+ 35.Kg3 Qd6+ 36.Kf2 Qc5+  1/2-1/2

[Event "Novosibirsk"]
[Site "Novosibirsk"]
[Date "1995.??.??"]
[Round "9"]
[White "Vyzmanavin, Alexey"]
[Black "Svidler, Peter"]
[Result "0-1"]
[WhiteElo "2605"]
[BlackElo "2635"]

1.d4 Nf6 2.c4 g6 3.Nc3 d5 4.cxd5 Nxd5 5.e4 Nxc3 6.bxc3 Bg7 7.Be3 c5 8.Qd2 cxd4
9.cxd4 Nc6 10.Bb5 O-O 11.Ne2 Qa5 12.Qxa5 Nxa5 13.Rc1 a6 14.Bd3 Nc6 15.Bb1 Bd7
16.d5 Ne5 17.f4 Ng4 18.Bc5 Rfe8 19.e5 e6 20.d6 f6 21.Be4 fxe5 22.Bxb7 Rab8
23.Bf3 Nh6 24.O-O Nf7 25.Rfd1 exf4 26.Nxf4 Rec8 27.Bg4 Bb2 28.Rc2 Ba4 29.d7 Bxc2
30.dxc8=Q+ Rxc8 31.Bxe6 Rxc5 32.Rd7 Rf5 33.Bxf5 Bxf5 34.Rb7 Bd4+ 35.Kf1 g5
36.Nd5 Be6 37.Nb4 Ne5 38.a4 Bc5 39.Nc2 Bc4+ 40.Ke1 Bd5 41.Rc7 Bxg2  0-1

[Event "Odorheiu Secuiesc zt"]
[Site "Odorheiu Secuiesc"]
[Date "1995.??.??"]
[Round "9"]
[White "Ionescu, Constantin"]
[Black "Jansa, Vlastimil"]
[Result "1/2-1/2"]
[WhiteElo "2535"]
[BlackElo "2525"]

1.d4 Nf6 2.c4 g6 3.Nc3 d5 4.cxd5 Nxd5 5.e4 Nxc3 6.bxc3 Bg7 7.Bb5+ c6 8.Ba4 O-O
9.Ne2 Be6 10.Bb3 Bxb3 11.axb3 Nd7 12.Ra2 e6 13.O-O c5 14.Be3 cxd4 15.Nxd4 Qe7
16.Rd2 Rfd8 17.Qb1 Rac8 18.c4 a6 19.Rfd1 Nb8 20.h3 Rd7 21.Nf3 Rxd2 22.Rxd2 Nc6
23.Qd1 Rd8 24.Rxd8+ Qxd8 25.Qxd8+ Nxd8 26.Bb6 Nc6 27.Kf1 Kf8 28.Ke2 Ke7 29.Kd3 Kd6
30.Be3 f5 31.c5+ Kd7 32.exf5 exf5 33.Kc4 Bf6 34.Kd5 Nb4+ 35.Kc4 Nc6 36.Kd5 Nb4+
37.Kc4 Nc6 38.Kd5 Ne7+ 39.Kc4 Nc6  1/2-1/2

[Event "CZE-ch"]
[Site "Olomouc"]
[Date "1995.??.??"]
[Round "?"]
[White "Klima, Lukas"]
[Black "Kalod, Radek"]
[Result "0-1"]
[WhiteElo "2270"]
[BlackElo "2210"]

1.d4 Nf6 2.c4 g6 3.Nc3 d5 4.cxd5 Nxd5 5.e4 Nxc3 6.bxc3 Bg7 7.Bb5+ c6 8.Ba4 b5
9.Bb3 b4 10.cxb4 O-O 11.Ne2 Na6 12.O-O Nxb4 13.Rb1 Ba6 14.Bd2 Nd3 15.Be3 e5
16.Bc2 exd4 17.Bxd3 Bxd3 18.Qxd3 dxe3 19.Qxe3 Qa5 20.Qb3 Rfe8 21.Ng3 h5 22.Qc4 Rab8
23.a4 c5 24.Rfc1 Rb4 25.Qd5 Qxa4 26.Rxb4 cxb4 27.Rc7 Rf8 28.Rb7 a5 29.Rb5 Qa1+
30.Nf1 Bd4 31.Rxa5 Qc3 32.Rb5 Qb2 33.Ne3 Qd2 34.Rb7  0-1

[Event "CZE-ch"]
[Site "Olomouc"]
[Date "1995.??.??"]
[Round "?"]
[White "Cvek, Robert"]
[Black "Kalod, Radek"]
[Result "1-0"]
[WhiteElo "2285"]
[BlackElo "2210"]

1.d4 Nf6 2.c4 g6 3.Nc3 d5 4.cxd5 Nxd5 5.e4 Nxc3 6.bxc3 Bg7 7.Be3 c5 8.Qd2 Qa5
9.Rb1 b6 10.Bb5+ Bd7 11.Be2 Nc6 12.Nf3 O-O 13.Rc1 Bg4 14.d5 Rad8 15.Bg5 Rfe8
16.O-O f6 17.Be3 e6 18.Qb2 exd5 19.exd5 Bxf3 20.gxf3 Ne5 21.f4 Nf7 22.f5 g5
23.c4 Nd6 24.Bd3 Qa4 25.Bd2 Qd7 26.Qc2 Bh6 27.Rfe1 Nf7 28.Re6 Ne5 29.Be4 Rf8
30.Kh1 Qf7 31.Qd1 Qg7 32.Qh5 Rd7 33.f4 gxf4 34.Rg1 Bg5 35.h4 Nxc4 36.hxg5 Kh8
37.Bc3 Ne5 38.gxf6 Qf7 39.Qh6  1-0